01194cam a2200289 a 4500001001000000003000900010005001700019007000300036008004100039020001500080040002500095082002400120245011400144260007500258300002100333500006300354590002700417650003700444650003700481700003700518740004100555910003700596942001400633952011800647952012400765999001500889000005116DO-SdBNP20240305091458.0ta870519s1992 pr r 000 0 spa c a0865814147 aDO-SdBNPbspacBNPHU 4aPR861.08bP221e22200aPara entendernos :binventario poético puertorriqueño : Siglos XIX y XX /ccompilación Efrain Barradas. aSan Juan, Puerto Rico :bInstituto de Cultura Puertorriqueña,c1992. a458 p. ;c23 cm. aIncluye datos biográficos del autor en la contracubierta aInventariado, 2019/ YL 4aPoesía puertorriqueña914662 4aLiteratura puertorriqueña92501 aBarradas, Efraínecomp.9146630 aInventario poético puertorriqueno. aValidado. Control de calidad MFF 2ddccLBS1 00102ddc56708GRaBNPHUbBNPHUcHDd2009-07-29oBNPHU GR PR861.08 P221ep5116-10r2020-06-25w2020-06-25yLBS1 00102ddc56708GRaBNPHUbBNPHUcHDd2019-05-29oBNPHU GR PR861.08 P221ep5116-20r2020-06-25te. 2w2020-06-25yLBS1 c4919d4919